The Islamic world from classical to modern times : essays in honor of Bernard Lewis

Αποθηκεύτηκε σε:
Λεπτομέρειες βιβλιογραφικής εγγραφής
Άλλοι συγγραφείς: Bosworth, Clifford Edmund (Επιμελητής έκδοσης), Lewis, Bernard
Μορφή: Βιβλίο
Γλώσσα:English
Δημοσίευση: Princeton : Darwin Press, c1989
Θέματα:
Ετικέτες: Προσθήκη ετικέτας
Δεν υπάρχουν, Καταχωρήστε ετικέτα πρώτοι!

MARC

LEADER 00000nam a2200000 i 4500
001 1/3061
008 000516s1989 eng d
020 |a 0878500669 
035 |l 10060664 
040 |a GR-MY-UA  |b gre  |e aacr 
041 0 |a eng 
082 0 |a 909.097671 
245 1 4 |a The Islamic world from classical to modern times :  |b essays in honor of Bernard Lewis /  |c C. E. Bosworth ...[et al.], editors 
260 |a Princeton :   |b Darwin Press,   |c c1989 
300 |a xxv, 915 p. 
500 |a Bibliography of Bernard Lewis' works 
504 |a Includes bibliographical references 
600 1 0 |a Lewis Bernard  |x Bibliography. 
650 0 0 |a Civilization, Islamic. 
651 0 |a Middle East. 
700 1 |a Bosworth, Clifford Edmund.  |4 edt 
700 1 |a Lewis, Bernard. 
852 |a INST  |b LESVOS  |e 20000516  |h 909.097671 ISL  |p 005100024225  |q 005100024225  |t BK  |y 0 
901 |a BIBL1-2000-2 
909 |a Λ  |b 078039 
922 |a 1ΕΛΗ  |b 200005  |c ΚΠΣ/ΤΚΑ  |d ΠΑΠΑΣΩΤΗΡΙΟΥ 
950 |a 117-1999-11-26 
970 |a ΤΖΑΦΕΡΗ  |b ΕΥΑΓΓΕΛΙΑ  |z 2000/05/17